000 00784cam a2200253 a 4500
999 _c3875
_d3875
003 OSt
005 20241114084011.0
008 071101s2006 enka j 000 1 eng
020 _a9781510108639 (hbk.)
040 _aCaBVA
_beng
_cUKM
_dBAKER
_dCaOL
_dKH8
082 _aFIC PAV
100 1 _aPaver, Michelle.
_eaut.
245 1 0 _aSoul Eater /
_cMichelle Paver.
260 _aLondon :
_bOrion Children's Books,
_c2006.
300 _a264 p. :
_bill. ;
_c23 cm.
490 0 _aChronicles of ancient darkness ;
_vbk. 3.
650 0 _aPrehistoric peoples
_vFiction.
650 0 _aWolves
_vFiction.
650 0 _aQuests (Expeditions)
_vFiction.
650 0 _aDemoniac possession
_vFiction.
650 7 _aParanormal fiction.
_2genre.
650 7 _aFantasy fiction
_2genre.
942 _2ddc
_cFIC